Oko za oko /
Neměl jsem v životě nic. A pak mi vzali i to málo, co jsem měl. Teď se vracím, abych se pomstil a ukázal dotyčnému, co znamená přijít o všechno. Nikdy by mě však nenapadlo, že právě dcera mého nepřítele mi zamotá hlavu i celý plán. Když se člověk vydá na cestu pomsty, musí vykopat dva hroby....
Uloženo v:
| Hlavní autor: | |
|---|---|
| Médium: | E-kniha |
| Jazyk: | Czech |
| Vydáno: |
Praha :
Nakladatelství Solis s.r.o.,
2025
|
| Tagy: |
Žádné tagy |
| LEADER | 01303nam a22002297i 4500 | ||
|---|---|---|---|
| 001 | 312887 | ||
| 007 | ta | ||
| 008 | 260601s2025 xr ||||| |||| 00| 0 cze d | ||
| 020 | |a 9990004242999 | ||
| 044 | |a xr | ||
| 100 | 1 | |a Chaloupková, Kateřina |4 aut | |
| 245 | 1 | 0 | |a Oko za oko / |c Chaloupková, Kateřina |
| 264 | 1 | |a Praha : |b Nakladatelství Solis s.r.o., |c 2025 | |
| 300 | |a 1 online zdroj (294 stran) | ||
| 336 | |a text |b txt |2 rdacontent | ||
| 337 | |a bez média |b n |2 rdamedia | ||
| 338 | |a online zdroj |b cr |2 rdacarrier | ||
| 520 | 2 | |a Neměl jsem v životě nic. A pak mi vzali i to málo, co jsem měl. Teď se vracím, abych se pomstil a ukázal dotyčnému, co znamená přijít o všechno. Nikdy by mě však nenapadlo, že právě dcera mého nepřítele mi zamotá hlavu i celý plán. Když se člověk vydá na cestu pomsty, musí vykopat dva hroby. | |
| 910 | |a RBIT002 | ||
| 998 | |d 424299 |a https://core.palmknihy.cz/api/books/424299/cover?t6y2yd |b https://core.palmknihy.cz/api/books/424299/cover/400?t6y2yd |c https://core.palmknihy.cz/api/books/424299/cover/50?t6y2yd |e 2031-12-31 |g 294 |i 9990004242999 |j https://core.palmknihy.cz/api/books/424299/preview.epub |k https://core.palmknihy.cz/api/books/424299/preview.pdf |l |q 49 |r 1 |s https://www.palmknihy.cz/kniha/424299 |t ebook |y 2025 |z 1 | ||
| 999 | |d 312885 | ||